000 00455nam a2200181Ia 4500
008 100917s9999 xx 000 0 und d
082 _b59939
100 _aपटवर्धन द. गो.
245 _aआपले डोळे
260 _bव. ह. गोळे
_c1969
300 _a124
365 _b2.5
520 _a---
630 _aआपले डोळे
650 _a---
730 _aआपले डोळे
942 _cBOOK
999 _c665333
_d665330